Erdélyi farsangok
Elmentve itt :
| Szerző: | |
|---|---|
| Adatforrás: | Meister |
| Forrásdokumentuma: | Korunk. - 2 sz., 1992, 100-104 p. |
| Nyelv: | magyar |
| Kulcsszavak: | etnográfia farsang magyarok (romániai) szászok (romániai) németek (romániai) maszk fonó Erdély |
| LEADER | 00510nab a2200205 i 4500 | ||
|---|---|---|---|
| 001 | bibPRO00002116 | ||
| 008 | 060524s1992 xx hun | ||
| 040 | |a Sz1 | ||
| 041 | |a hun | ||
| 100 | 1 | |a POZSONY Ferenc | |
| 245 | 1 | 0 | |a Erdélyi farsangok |c POZSONY Ferenc |
| 695 | |a etnográfia | ||
| 695 | |a farsang | ||
| 695 | |a magyarok (romániai) | ||
| 695 | |a szászok (romániai) | ||
| 695 | |a németek (romániai) | ||
| 695 | |a maszk | ||
| 695 | |a fonó | ||
| 695 | |a Erdély | ||
| 773 | 0 | |t Korunk. - |g 2 sz., 1992, 100-104 p. | |